000 00291nam a22001337a 4500
008 170627b xxu||||| |||| 00| 0 eng d
020 _a9780205782789
041 _aGER
080 _26TH
_a82
100 _a21
101 _aGJL
245 _aTREFFPUNKT DEUTCH
_cGONGLEWSKI
942 _2udc
_cBK
999 _c19287
_d19287